Top Cities - Same First Letter as Country Quiz Stats

Quiz not verified by Sporcle

Score 0/42 Timer 12:00
0 Plays Today
Population City % Correct
8,555,272Mexico City, Mexico
89%
2,476,249Brasília, Brazil
86%
881,235Stockholm, Sweden
75.7%
9,794,304Seoul, South Korea
69.7%
1,110,100Guatemala City, Guatemala
68.3%
1,530,000Algiers, Algeria
66.1%
1,138,854Brussels, Belgium
62.4%
2,256,320Tunis, Tunisia
61.3%
698,042Seville, Spain
60.8%
1,103,979Adelaide, Australia
56.9%
1,096,833Calgary, Canada
56.8%
5,076,700Singapore, Singapore
52.5%
2,673,226Taipei, Taiwan
48.6%
2,375,444Belo Horizonte, Brazil
45.1%
1,135,512Monterrey, Mexico
38.2%
7,677,122Chengdu, China
38.1%
7,457,600Chongqing, China
37.6%
2,233,000Cali, Colombia
36.6%
1,103,733Rostov-na-Donu, Russia
36.4%
1,094,620Maputo, Mozambique
34.2%
823,154Marrakech, Morocco
34.1%
Population City % Correct
1,302,910Niamey, Niger
33.5%
1,380,836Belém, Brazil
29%
1,756,126Isfahan, Iran
23.5%
3,625,000Peshawar, Pakistan
22.3%
911,300Cartagena, Colombia
19.3%
2,167,447Indore, India
18.5%
1,378,958Valencia, Venezuela
18.1%
3,093,980Changsha, China
17.4%
3,530,115Changchun, China
13.3%
960,000Mandalay, Myanmar
12.5%
777,615Mérida, Mexico
11.7%
3,290,548Changzhou, China
10.1%
2,684,893Taichung, Taiwan
9.3%
689,775Mexicali, Mexico
8.5%
1,025,000Irbil, Iraq
7%
1,881,645Tainan, Taiwan
6.7%
1,462,383Cixi, China
5.9%
1,071,913Suwon, South Korea
4.7%
1,458,536Changde, China
4%
1,510,103Changshu, China
3.2%
949,964Seongnam, South Korea
2.7%

You're not logged in!

Compare scores with friends on all Sporcle quizzes.
Join for Free
OR
Log In

You Might Also Like...

Show Comments

Extras

Top Quizzes Today


Score Distribution

Your Account Isn't Verified!

In order to create a playlist on Sporcle, you need to verify the email address you used during registration. Go to your Sporcle Settings to finish the process.

Report this User

Report this user for behavior that violates our Community Guidelines.

Details: